La ciudad para todos. El desafio de la pobreza para la planificacion y gestion urbano ambiental. Seminario internacional :

Detalles Bibliográficos
Autor principal: Lico, Miguel Angel
Formato: Libro
Lenguaje:Espa�ol
Publicado: Buenos Aires : Programa Arraigo, 1994
Materias:
Etiquetas: Agregar Etiqueta
Sin Etiquetas, Sea el primero en etiquetar este registro!

MARC

LEADER 00000Cam#a22000005a#4500
003 AR-RoUNA
008 140529||||||||||||||||| |||| 0|||| d
040 |a AR-RoUNA  |b spa 
041 |a spa 
080 |a 351.778.5 
092 |l L711 
100 1 |a Lico, Miguel Angel  |9 2326 
245 |a La ciudad para todos. El desafio de la pobreza para la planificacion y gestion urbano ambiental. Seminario internacional : 
260 |a Buenos Aires :  |b Programa Arraigo,  |c 1994 
300 |a 233 p. : 
653 |a Beltrame, F. 
653 |a Rodriguez, H. 
653 |a Garay, G. 
653 |a Periferias 
653 |a Moscato, J. 
653 |a Gonzalez Lobo, Carlos 
653 |a Sismos 
653 |a Organismos Comunales 
653 |a Giraldo Gaviria, Gabriel 
653 |a Andalucia 
653 |a Uruguay 
653 |a Paraguay 
653 |a Viviendas Populares 
653 |a Autorreconstrucciones 
653 |a Honduras 
653 |a Republica Argentina 
653 |a Planificacion Urbana 
653 |a Arana, Mariano 
653 |a Uruguay 
653 |a Lima 
653 |a Oease Garcia, H. 
653 |a Rosario 
653 |a Pobreza 
653 |a Gestion Urbana 
653 |a Buenos Aires 
653 |a Dominguez, Jorge 
653 |a Fernandez, Anibal 
653 |a Cavallero, Hector 
653 |a Planes 
653 |a Gestion Urbana 
653 |a Berreta, Horacio 
653 |a Programa Arraigo 
653 |a Menem, Carlos Saul 
653 |a Comision De Tierras Fiscales 
653 |a Viviendas 
653 |a Gestion Urbano Ambiental 
653 |a Seminario Internacional 
653 |a Estrategias 
653 |a Metropolis 
653 |a Santa Fe 
653 |a Conjuntos De Viviendas 
653 |a Viviendas Sociales 
653 |a Rafaela 
653 |a Colombia 
653 |a Mexico 
653 |a Planes Urbanos 
653 |a Etchegaray, A 
653 |a Modernidad 
653 |a Medeiros Anaya, G. 
653 |a Fernandez De Luco, Manuel 
653 |a Politicas Urbanas Municipales 
653 |a Brasil 
653 |a Llorente, Oswaldo 
653 |a Organismos Estatales 
653 |a Flores Ortiz, Enrique 
653 |a Globalizacion 
653 |a Grandes Ciudades 
653 |a Pelli, Victor 
653 |a España 
653 |a Moreno, Jose Ramon 
653 |a Madrid 
653 |a Alva, Ernesto 
653 |a Bombarolo, Felix 
653 |a Cedron, Osvaldo 
653 |a La Paz 
653 |a Brasil 
653 |a San Pablo 
653 |a San Martin, Eduardo 
653 |a Chile 
653 |a Bonduki, Nabil 
930 |e 6236 
942 |2 cdu 
999 |c 1700  |d 1700